| 000 -CABECERA |
| Longitud fija campo de control |
00587nam a2200169 a 4500 |
| 001 - NÚMERO DE CONTROL |
| Número de control |
3335 |
| 003 - IDENTIFICADOR DEL NÚMERO DE CONTROL |
| Identificador del número de control |
CDMR |
| 005 - FECHA Y HORA DE LA ÚLTIMA TRANSACCIÓN |
| Fecha y hora de la última transacción |
20130320112244.0 |
| 008 - CÓDIGOS DE INFORMACIÓN DE LONGITUD FIJA |
| Códigos de información de longitud fija |
130130s1996||||||||||||||||||||||||||||d |
| 020 ## - NÚMERO INTERNACIONAL NORMALIZADO PARA LIBROS |
| Número Internacional Normalizado para Libros (ISBN) |
8488645856 |
| 040 ## - FUENTE DE LA CATALOGACIÓN |
| Centro catalogador de origen |
CDMR |
| Lengua de catalogación |
cat |
| Centro transcriptor |
CPC LLEIDA |
| 245 00 - MENCIÓN DE TÍTULO |
| Título |
Reflexions entorn de l'economia catalana |
| Mención de responsabilidad, etc. |
Departament d'Economia i Empresa de la Universitat de Lleida, Esteve Oroval i Planas, editor ; [autors:] Joan Cals i Güells... [et al.] |
| 260 ## - PUBLICACIÓN, DISTRIBUCIÓN, ETC. (PIE DE IMPRENTA) |
| Lugar de publicación, distribución, etc. |
Lleida |
| Fecha de publicación, distribución, etc. |
1996 |
| Nombre del editor, distribuidor, etc. |
Universitat de Lleida |
| 490 0# - MENCIÓN DE SERIE |
| Mención de serie |
Economia i empresa |
| Designación de volumen o secuencia |
3 |
| 700 1# - PUNTO DE ACCESO ADICIONAL - NOMBRE DE PERSONA |
| 9 (RLIN) |
959 |
| Nombre de persona |
Oroval Planas, Esteve |
| 942 ## - ENTRADA DE ELEMENTOS AGREGADOS (KOHA) |
| Koha [por defecto] tipo de item |
Monografies |
| Fuente de clasificaión o esquema |
|